000 00678nam a2200253Ia 4500
003 OSt
005 20221005055224.0
006 a|||||r|||| 00| 0
007 ta
008 221004b |||||||| |||| 00| 0 eng d
024 _a99572
037 _cTextual
040 _aCRL
_cCRL
_beng
041 _2eng
_aeng
082 _aO115,2M28,16, 111K8
100 _aIbsen Henrik
245 0 _aWild duck
260 _aLondon
_bMethuen & Co. Ltd. UK
_c1968
300 _a128p.
_ccm.
650 _aENGLISH LITERATURE
700 _a Mayer Michael
_9322390
942 _hO115,2M28,16, 111K8
_cTEXL
_2cc
999 _c964756
_d964756